Agricultural strides for the Thai economic recovery (Record no. 53961)

MARC details
000 -LEADER
fixed length control field 00302nam a2200109Ia 4500
100 ## - MAIN ENTRY--AUTHOR NAME
Personal name Nunman Thanaporn
245 #0 - TITLE STATEMENT
Title Agricultural strides for the Thai economic recovery
260 ## - PUBLICATION, DISTRIBUTION, ETC. (IMPRINT)
Name of publisher Rubber International Magazine
Year of publication 2001
300 ## - PHYSICAL DESCRIPTION
Number of Pages 31-34
942 ## - ADDED ENTRY ELEMENTS (KOHA)
Koha item type Journals
Holdings
Withdrawn status Lost status Damaged status Not for loan Home library Current library Shelving location Date acquired Serial Enumeration / chronology Koha item type
      Journals RRII Library RRII Library Agricultural economics 26/11/2001 Volume 3, Issue 34 Journals